Central assistance for planned economic development of the states with special reference to Madhya Pradesh (Record no. 11365)

MARC details
000 -LEADER
fixed length control field 00524nam a2200145Ia 4500
082 ## - DEWEY DECIMAL CLASSIFICATION NUMBER
Classification number TD.0136
100 ## - MAIN ENTRY--AUTHOR NAME
Personal name Deole, D.R.
245 #0 - TITLE STATEMENT
Title Central assistance for planned economic development of the states with special reference to Madhya Pradesh
260 ## - PUBLICATION, DISTRIBUTION, ETC. (IMPRINT)
Year of publication 1977
Name of publisher Vikram University
300 ## - PHYSICAL DESCRIPTION
Number of Pages 525p. + C D -17
650 ## - SUBJECT ADDED ENTRY--TOPICAL TERM
Topical Term CENTRE STATE FISCAL RELATIONS - MADHYA PRADESH
650 ## - SUBJECT ADDED ENTRY--TOPICAL TERM
Topical Term INTERGOVERNMENTAL FISCAL RELATIONS//CENTRE STATE FISCAL RELATIONS
650 ## - SUBJECT ADDED ENTRY--TOPICAL TERM
Topical Term MADHYA PRADESH - ECONOMIC CONDITIONS
942 ## - ADDED ENTRY ELEMENTS (KOHA)
Koha item type Thesis
Source of classification or shelving scheme Dewey Decimal Classification
Holdings
Withdrawn status Lost status Damaged status Not for loan Home library Current library Date acquired Full call number Accession Number Price effective from Koha item type
        NASSDOC Library NASSDOC Library 08/10/2004 TD.0136 12185 18/04/2019 Thesis